International journal of dairy technology.

Bibliographic Details
Uniform Title:International journal of dairy technology (Online)
Format: Journal
Language:English
Published: [Oxford, England] : Blackwell Science
Subjects:
Online Availability: Check for online availability

MARC

Tag First Indicator Second Indicator Subfields
LEADER 00000cas a2200000 a 4500
001 in00001662849
005 20180214130653.0
006 m fo d
007 cr mn|||||||||
008 010404c19979999enkqr pso 0 0eng c
010 |a  2001242062 
019 |a 47094388 
022 |a 1471-0307  |l 1364-727X 
029 1 |a AU@  |b 000043827377 
029 1 |a AU@  |b 000044920539 
029 1 |a AU@  |b 000045707357 
029 1 |a NLGGC  |b 394114108 
029 1 |a NZ1  |b 16073297 
029 1 |a NZ1  |b 6223071 
029 1 |a OCLCS  |b 13024 
029 1 |a OCLCS  |b OP-23452 
035 |a (OCoLC)ocm46666882 
035 |a (OCoLC)46666882  |z (OCoLC)47094388 
037 |b Blackwell Science, Ltd., Osney Mead, Oxford OX2 0EL, United Kingdom 
040 |a MYG  |b eng  |c MYG  |d OCLCQ  |d WAU  |d OCLCQ  |d F#A  |d OCLCQ  |d VRC  |d OCLCQ  |d OCLCF  |d OCLCQ  |d WT2  |d UtOrBLW 
042 |a pcc 
043 |a e-uk--- 
049 |a TXAM 
050 1 4 |a SF221  |b .S672 
082 0 4 |a 636.2142 
090 |a SF221  |b .S62 Electronic 
130 0 |a International journal of dairy technology (Online) 
245 1 0 |a International journal of dairy technology. 
264 1 |a [Oxford, England] :  |b Blackwell Science 
310 |a Quarterly 
336 |a text  |b txt  |2 rdacontent 
337 |a computer  |b c  |2 rdamedia 
338 |a online resource  |b cr  |2 rdacarrier 
362 1 |a Print began with vol. 50, no. 1 (Feb. 1997). 
538 |a Mode of access: World Wide Web. 
550 |a Official journal of the Society of Dairy Technology. 
588 |a Description based on: Vol. 54, issue 1 (Feb. 2001); title from table of contents page (viewed Apr. 4, 2001). 
588 |a Latest issue consulted: Vol. 55, issue 4 (Nov. 2002). 
500 |a Electronic resource. 
650 0 |a Dairying  |v Periodicals.  |0 http://id.loc.gov/authorities/subjects/sh2009122763 
650 0 |a Dairying  |z Great Britain  |v Periodicals. 
650 7 |a Dairying.  |2 fast  |0 (OCoLC)fst00887030 
651 7 |a Great Britain.  |2 fast  |0 (OCoLC)fst01204623 
650 7 |a Cattle & Dairy Sciences.  |2 ebps 
655 7 |a Periodicals.  |2 fast  |0 (OCoLC)fst01411641 
710 2 |a Society of Dairy Technology,  |e issuing body.  |0 http://id.loc.gov/authorities/names/n77014471 
776 0 8 |i Print version:  |t International journal of dairy technology  |x 1364-727X  |w (DLC)sn 97050139  |w (OCoLC)36714705 
949 |a updated  |b h  |c 2017/9/12  |e spoltoratski  |f 4:18:04 pm 
994 |a C0  |b TXA 
999 f f |s c3464988-525b-33de-a646-186f87deaf3a  |i 5ff05780-8375-35fa-8d82-1556a430f564  |t 0 
952 f f |a Texas A&M University  |b College Station  |c Electronic Resources  |d Available Online  |t 0  |e SF221 .S62  |g Electronic  |h Library of Congress classification 
998 f f |a SF221 .S62  |t 0  |l Available Online